000 00900nam a22002297a 4500
005 20180108143903.0
010 _a1718EN-30ENG-122005
020 _a9789385152757
_c799.00
035 _aB-683000-3002
035 _aEN-105537
037 _bAakar
_adpl
037 _bDBAD/PUB
082 _a894.811302080914
082 _aS
245 _aThe tamil story:
_cedited by Dilip Kumar; translated by Subashree Krishnaswamy
_bthrough the times through the tides /
260 _aNew Delhi
_bTRANQUEBAR PRESS
_c2016
270 _a93, I Floor, Sham Lal Road, Daryaganj, New Delhi
300 _a572p.
_c24cm. (Hb)
700 _aKrishnaswamy, Subashree
942 _2ddc
_cEN
_h894.811302080914 S
_mTAM
999 _c146034
_d146034